000 00528nam a2200181Ia 4500
005 20260531145104.0
008 260531s9999 xx 000 0 und d
020 _a9780070667266
041 _aEnglish
082 _a681.3.41 PAI
100 _aPai (G A V)
245 0 _aData Structures and Algorithms
_bConcepts, Techniques and Applications
260 _bTata Mcgraw-Hill Publishing Company Limited
_aNew Delhi
_c2008
300 _bPaper Back
_a461+19
563 _aPaper Back
650 _a Data Structure
942 _cBK
999 _c195030
_d195030